| Поле | Название | Значение |
| |
Тип записи |
a |
| |
Библиографический уровень |
m |
| 001 |
Контрольный номер |
f8a24eeea4084a2db9cc028ed7c52c76 |
| 005 |
Дата корректировки |
20140604101857.4 |
| 010 |
Индекс ISBN |
__ |
| a |
ISBN |
978-5-482-01691-6 |
| 101 |
Язык документа |
0_ |
| a |
Язык текста |
rus |
| 102 |
Страна публикации |
__ |
| a |
Страна публикации |
RU |
| 200 |
Заглавие и сведения об ответственности |
1_ |
| a |
Заглавие |
Ответственность по российскому трудовому праву |
| e |
Сведения, относящиеся к заглавию |
науч.-практ. пособие |
| f |
Первые сведения об ответственности |
К. Н. Гусов, Ю. Н. Полетаев |
| g |
Последующие сведения об ответственности |
М-во образования и науки РФ, Моск. гос. юрид. акад. |
| 210 |
Выходные данные |
1_ |
| c |
Издательство |
Проспект |
| a |
Место издания |
М. |
| d |
Дата издания |
2008 |
| 215 |
Физическое описание |
__ |
| a |
Объем |
267, [5] с. |
| 610 |
Ключевые слова |
0_ |
| a |
Ключевые слова |
правопорядок |
| 610 |
Ключевые слова |
0_ |
| a |
Ключевые слова |
трудовое право |
| 610 |
Ключевые слова |
0_ |
| a |
Ключевые слова |
дисциплинарная ответственность |
| 610 |
Ключевые слова |
0_ |
| a |
Ключевые слова |
материальная ответственность |
| 610 |
Ключевые слова |
0_ |
| a |
Ключевые слова |
работник |
| 610 |
Ключевые слова |
0_ |
| a |
Ключевые слова |
работодатель |
| 610 |
Ключевые слова |
0_ |
| a |
Ключевые слова |
трудовой договор |
| 610 |
Ключевые слова |
0_ |
| a |
Ключевые слова |
дисциплина труда |
| 610 |
Ключевые слова |
0_ |
| a |
Ключевые слова |
трудовой распорядок |
| 610 |
Ключевые слова |
0_ |
| a |
Ключевые слова |
ответственность за ущерб |
| 610 |
Ключевые слова |
0_ |
| a |
Ключевые слова |
ответственность за задержку зарплаты |
| 610 |
Ключевые слова |
0_ |
| a |
Ключевые слова |
моральный вред |
| 610 |
Ключевые слова |
0_ |
| a |
Ключевые слова |
охрана труда |
| 610 |
Ключевые слова |
0_ |
| a |
Ключевые слова |
защита трудовых прав |
| 610 |
Ключевые слова |
0_ |
| a |
Ключевые слова |
трудовые споры |
| 686 |
Индексы других классификаций |
__ |
| a |
Классификационный индекс |
67.627.5 |
| 2 |
Код системы |
rubbk |
| 700 |
Автор |
_1 |
| a |
Фамилия |
Гусов |
| b |
Имя |
К. Н. |
| g |
Полное личное имя |
Кантемир Николаевич |
| 701 |
Альтернативная интеллектуальная ответственность |
_1 |
| a |
Фамилия |
Полетаев |
| b |
Имя |
Ю. Н. |
| g |
Полное личное имя |
Юрий Николаевич |
| u |
|
2 |
| 711 |
Наименование организации. (Альтернативная ответственность) |
02 |
| a |
Организация/ юрисдикция |
М-во образования и науки РФ |
| 711 |
Наименование организации. (Альтернативная ответственность) |
02 |
| a |
Организация/ юрисдикция |
Моск. гос. юрид. акад. |
| 801 |
Источник записи |
_0 |
| a |
Страна |
RU |
| b |
Организация |
РУК |
| c |
Дата составления |
20071204 |
| g |
Правила каталогизации |
PSBO |
| 801 |
Источник записи |
_1 |
| a |
Страна |
RU |
| b |
Организация |
РУК |
| c |
Дата составления |
20071204 |
| g |
Правила каталогизации |
PSBO |
| 852 |
Данные о местонахождении |
__ |
| j |
Шифр хранения |
ББК 67 |
| i |
Авторский знак |
Г 96 |
| 901 |
Тип документа |
__ |
| t |
Тип документа |
m |
| 938 |
Служебная информация |
__ |
| a |
Название организации |
Головной вуз |
| b |
Имя БД |
BOOK |
| c |
Название АИБС |
АИБС ИРБИС |